| 000 | 00422nam a2200169Ia 4500 | ||
|---|---|---|---|
| 003 | GCL | ||
| 008 | 140319s9999 xx 000 0 eng d | ||
| 040 |
_aGCL / _cGCL |
||
| 082 | 0 | 4 |
_a745.5 _bK P |
| 100 | 1 | _aKRAAHN, NICALE | |
| 245 | 1 | 0 |
_aPERSONNAGES EN PATE A SEL / _cKRAAHN, NICALE |
| 260 |
_a[S.N] : _bDESSAIN ET TOLRA ، _c1992 |
||
| 300 | _a80 P | ||
| 650 | 0 | 4 | _aHANDCRAFT |
| 650 | 0 | 4 | _aDECORATION |
| 942 |
_2ddc _cBK |
||
| 999 |
_c21091 _d21091 |
||